Largest Countries Containing Each Letter Quiz Stats

 Plays Quiz Updated Jul 14, 2016

Also try: Big and Populated
Challenge
Share
Tweet
Embed
Score 0/243 Timer 10:00
3 Plays Today
Letter Country % Correct
AChina
99%
CChina
99%
IChina
99%
NChina
99%
HChina
98.8%
NUnited States of America
98.8%
UUnited States of America
98.8%
SUnited States of America
98.7%
TUnited States of America
98.7%
OUnited States of America
98.6%
RUnited States of America
98.5%
AUnited States of America
97.9%
DUnited States of America
97.9%
IUnited States of America
97.9%
EUnited States of America
97.9%
CUnited States of America
97.4%
AIndia
97.4%
FUnited States of America
97.3%
IIndia
97.3%
DIndia
97.3%
MUnited States of America
97.3%
NIndia
97.3%
ABrazil
96.4%
BBrazil
96.4%
IBrazil
96.4%
ARussia
96.3%
LBrazil
96.3%
RRussia
96.3%
IRussia
96.2%
URussia
96.2%
ZBrazil
96.2%
SRussia
96.2%
RBrazil
95.6%
AJapan
94.5%
NJapan
94.4%
PJapan
94.4%
CFrance
94.4%
FFrance
94.3%
RFrance
94.3%
JJapan
94.3%
GGermany
94.2%
EGermany
94.2%
RGermany
94.2%
MMexico
94.2%
EMexico
94.1%
IMexico
94.1%
MGermany
94.1%
YGermany
94.1%
OMexico
94.1%
CMexico
94.1%
XMexico
94%
DUnited Kingdom
94%
TUnited Kingdom
94%
OUnited Kingdom
94%
KUnited Kingdom
94%
GUnited Kingdom
94%
UUnited Kingdom
94%
MUnited Kingdom
93.9%
DCanada
90.2%
CCanada
90.1%
GArgentina
89.3%
EEgypt
88%
GEgypt
87.9%
TEgypt
87.9%
YEgypt
87.9%
PEgypt
87.9%
PSpain
87.2%
SSpain
87.2%
SSouth Africa
86.5%
OSouth Africa
86.4%
CSouth Africa
86.4%
USouth Africa
86.4%
HSouth Africa
86.3%
FSouth Africa
86.3%
IIndonesia
85.8%
IPakistan
85.8%
TItaly
85.8%
PPakistan
85.8%
APakistan
85.8%
EIndonesia
85.8%
NPakistan
85.8%
Letter Country % Correct
AIndonesia
85.8%
KPakistan
85.8%
DIndonesia
85.8%
SIndonesia
85.8%
TPakistan
85.7%
LItaly
85.7%
YItaly
85.6%
NIndonesia
85.5%
OIndonesia
85.5%
SPakistan
85.4%
RIran
84.3%
QIraq
83.3%
INigeria
81.7%
RNigeria
81.6%
ANigeria
81.6%
ENigeria
81.6%
GNigeria
81.6%
NNigeria
81.6%
KTurkey
80.6%
TTurkey
80.6%
YTurkey
80.5%
RTurkey
80.5%
UTurkey
80.5%
SSouth Korea
79.5%
HSouth Korea
79.5%
USouth Korea
79.5%
KSouth Korea
79.5%
OSouth Korea
79.4%
MVietnam
78.4%
TVietnam
78.4%
NVietnam
78.4%
EVietnam
78.3%
VVietnam
78.2%
WSweden
78%
DPoland
76.7%
OPoland
76.6%
PPoland
76.5%
LPoland
76.5%
ZVenezuela
76%
VVenezuela
75.9%
PPeru
75.2%
WZimbabwe
74.3%
ZZimbabwe
74.2%
QQatar
74.1%
CColombia
74%
OColombia
73.9%
BColombia
73.9%
LColombia
73.9%
MColombia
73.8%
BSaudi Arabia
73.4%
KUkraine
73.1%
UUkraine
73%
GBangladesh
72.9%
SBangladesh
72.8%
NBangladesh
72.8%
EBangladesh
72.8%
LBangladesh
72.8%
HBangladesh
72.7%
DBangladesh
72.7%
ABangladesh
72.7%
BBangladesh
72.7%
TThailand
72.7%
HThailand
72.6%
DThailand
72.6%
LThailand
72.6%
FFinland
72.3%
UDemocratic Republic of the Congo
72.3%
FDemocratic Republic of the Congo
72%
GDemocratic Republic of the Congo
72%
CDemocratic Republic of the Congo
72%
TDemocratic Republic of the Congo
72%
ODemocratic Republic of the Congo
71.9%
RDemocratic Republic of the Congo
71.9%
PDemocratic Republic of the Congo
71.9%
DDemocratic Republic of the Congo
71.9%
LDemocratic Republic of the Congo
71.9%
HDemocratic Republic of the Congo
71.9%
BDemocratic Republic of the Congo
71.9%
MDemocratic Republic of the Congo
71.9%
WNorway
71.7%
GAfghanistan
71.6%
Letter Country % Correct
HAfghanistan
71.6%
FAfghanistan
71.5%
WNew Zealand
70.9%
KKazakhstan
70.9%
ZKazakhstan
70.6%
KNorth Korea
70.5%
OEthiopia
70.1%
KKenya
69.9%
YKenya
69.9%
TEthiopia
69.3%
EEthiopia
69.2%
PEthiopia
69.2%
HEthiopia
69.2%
SSudan
68.9%
USudan
68.7%
BZambia
68%
ZZambia
67.9%
DSudan
67.7%
SPhilippines
67.3%
NPhilippines
67.3%
PPhilippines
67.2%
EPhilippines
67.2%
LPhilippines
67.2%
IPhilippines
67.2%
HPhilippines
67.2%
YYemen
66.9%
LAlgeria
66.3%
GAlgeria
66.3%
MMalaysia
64.2%
YMalaysia
64.1%
JJordan
62.7%
MMorocco
62.6%
CMorocco
62.5%
JJamaica
62.3%
VBolivia
62%
ZUzbekistan
60.6%
BUzbekistan
60.6%
KUzbekistan
60.6%
WSwitzerland
59.8%
BCambodia
58.8%
QMozambique
58.2%
ZMozambique
58.2%
BMozambique
58.1%
MMyanmar
58%
YMyanmar
58%
ZCzechia
57%
RMyanmar
56.7%
YHungary
56%
JTajikistan
55.2%
ZTanzania
54.7%
JAzerbaijan
53.8%
HGhana
53.7%
ZAzerbaijan
53.5%
YSyria
53.4%
XLuxembourg
51.5%
LNepal
51.2%
GUganda
50.7%
UUganda
50.5%
FCentral African Republic
50.1%
PNepal
49.9%
FFiji
49.7%
JFiji
49.6%
JDjibouti
48.7%
FRepublic of the Congo
48.6%
CMadagascar
48.4%
WTaiwan
48.2%
VSlovakia
47%
KSri Lanka
46%
WRwanda
44.5%
VSlovenia
43.2%
VLatvia
42.4%
VCote d'Ivoire
42%
WKuwait
40.6%
WPapua New Guinea
38.8%
VBosnia and Herzegovina
36.2%
WMalawi
36%
QEquatorial Guinea
35.4%
FBurkina Faso
33%
BBurkina Faso
32.8%
VEl Salvador
28%
VMoldova
26.2%

You're not logged in!

Compare scores with friends on all Sporcle quizzes.
OR
Log In

You Might Also Like...

Show Comments

Extras

Top Quizzes Today


Score Distribution

Your Account Isn't Verified!

In order to create a playlist on Sporcle, you need to verify the email address you used during registration. Go to your Sporcle Settings to finish the process.

Report this User

Report this user for behavior that violates our Community Guidelines.

Details: